| 000 | 00375nam a22001697a 4500 | ||
|---|---|---|---|
| 005 | 20160614171753.0 | ||
| 008 | 160614b xxu||||| |||| 00| 0 eng d | ||
| 020 | _a978-0-07-026432-8 | ||
| 041 | _aeng | ||
| 082 | _b7597 | ||
| 100 |
_aBhasker, Bharat _91936 |
||
| 245 | _aElectronic Commarce | ||
| 260 | _bTMH | ||
| 300 | _a459 | ||
| 650 |
_aManagement _9241 |
||
| 942 | _cBK | ||
| 999 |
_c2715 _d2714 |
||